| 000 | 00453nam a2200181Ia 4500 | ||
|---|---|---|---|
| 003 | OSt | ||
| 005 | 20240719145314.0 | ||
| 008 | 210210b1932 xxu||||| |||| 00| 0 eng d | ||
| 040 | _cAL | ||
| 041 | _akan | ||
| 082 | _a859/1336 | ||
| 100 |
_aMadhurachenna _9159863 _dಮಧುರಚೆನ್ನ |
||
| 245 |
_aBelagu-2: _bಬೆಳಗು-೨ |
||
| 260 |
_aVijapura _b- _c1932 |
||
| 690 |
_aKannada Fiction _9159864 |
||
| 906 | _a022074 | ||
| 942 |
_2ddc _cBK |
||
| 999 |
_c146180 _d146180 |
||